[Event "Montecatini Terme op"]
[Site "Montecatini Terme"]
[Date "1995.??.??"]
[Round "?"]
[White "Djuric, Stefan"]
[Black "Vezzosi, Paolo"]
[Result "1-0"]
[WhiteElo "2470"]
[BlackElo "2305"]

1.c4 Nf6 2.Nf3 c5 3.Nc3 d5 4.cxd5 Nxd5 5.e3 Nc6 6.Bb5 Nb4 7.O-O a6 8.Bxc6+ Nxc6
9.d4 e6 10.b3 cxd4 11.exd4 Be7 12.Bb2 O-O 13.Re1 Bb4 14.Rc1 b6 15.a3 Bxc3
16.Rxc3 Bb7 17.Qd2 Qd5 18.Qf4 Rac8 19.Qh4 f6 20.Qh3 Rfe8 21.Rce3 Nd8 22.Nd2 Rc2
23.Bc3 Re7 24.Qf3 Nc6 25.Nc4 Kh8 26.Nxb6 Qd8 27.Nc4 Bc8 28.Nd6 Bd7 29.d5  1-0

[Event "Moscow3"]
[Site "Moscow"]
[Date "1995.??.??"]
[Round "?"]
[White "Ivanov, Timur"]
[Black "Fish, Gannadij"]
[Result "1/2-1/2"]
[WhiteElo "2425"]
[BlackElo "2455"]

1.Nf3 c5 2.c4 Nf6 3.Nc3 g6 4.d4 cxd4 5.Nxd4 Bg7 6.e4 d6 7.Be2 Nc6 8.Be3 Nxd4
9.Bxd4 O-O 10.O-O Be6 11.Rc1 Qa5 12.f3 Rfc8 13.b3 a6 14.Na4 Nd7 15.Be3 Nc5
16.Bd2 Qd8 17.Nc3 b5 18.Nd5 Bxd5 19.cxd5 Nd7 20.Be3 Qa5 21.Qd2 b4 22.Rxc8+ Rxc8
23.Bd3 Rc3 24.Qe2 Ne5 25.Bb1 Qa3 26.Rd1 Nd7 27.Bd2 Rc7 28.Kf1 Be5 29.g3 Kg7
30.Be1 Rc1 31.Rxc1 Qxc1 32.Qc2 Qe3 33.Qd3 Qc1 34.Qc2 Qe3 35.Qd3 Qc1  1/2-1/2

[Event "Moscow-ch op"]
[Site "Moscow"]
[Date "1995.??.??"]
[Round "3"]
[White "Chudinovskih, Alexander"]
[Black "Dragomarezkij, Evgeni"]
[Result "0-1"]
[WhiteElo "2305"]
[BlackElo "2475"]

1.c4 e6 2.Nc3 c5 3.Nf3 Nf6 4.g3 b6 5.Bg2 Bb7 6.O-O Be7 7.d3 d5 8.cxd5 exd5
9.Nh4 Qd7 10.e4 d4 11.Ne2 g6 12.a3 Nc6 13.Bd2 Nh5 14.Nf3 O-O 15.Bh6 Rfe8
16.Qd2 a5 17.h3 a4 18.g4 Ng7 19.Ne1 Na5 20.Rd1 Nb3 21.Qc2 b5 22.f4 f5 23.gxf5 gxf5
24.Ng3 fxe4 25.dxe4 Ra6 26.Bxg7 Kxg7 27.Nf5+ Kh8 28.Nf3 Rg8 29.Kh1 Rag6 30.Ne5 Qxf5
31.Nxg6+ Qxg6 32.Rg1 Qh6 33.Rdf1 Bd6 34.Qf2 Rg4 35.Qe2 Rg3 36.Rf2 d3 37.Qf1 Nd4
38.Kh2 Ne2  0-1

[Event "Moscow op2"]
[Site "Moscow"]
[Date "1995.??.??"]
[Round "6"]
[White "Shestakov, Sergei S"]
[Black "Nedobora, Mikhail"]
[Result "1/2-1/2"]
[WhiteElo "2345"]
[BlackElo "2465"]

1.Nf3 c5 2.c4 Nf6 3.Nc3 b6 4.g3 Bb7 5.Bg2 e6 6.O-O a6 7.b3 Be7 8.Bb2 O-O
9.e3 Ra7 10.Rc1 d5 11.cxd5 Nxd5 12.d4 Nd7 13.Qe2 Qa8 14.Rfd1 Nxc3 15.Bxc3 Rc8
16.dxc5 Nxc5 17.Bd4 Be4  1/2-1/2

[Event "Moscow op"]
[Site "Moscow"]
[Date "1995.??.??"]
[Round "9"]
[White "Umanskaya, Irina"]
[Black "Kudrin, Sergey"]
[Result "0-1"]
[WhiteElo "2345"]
[BlackElo "2540"]

1.Nf3 c5 2.c4 Nf6 3.Nc3 b6 4.g3 Bb7 5.Bg2 g6 6.O-O Bg7 7.d4 a6 8.Bg5 d6 9.Rc1 h6
10.Bxf6 Bxf6 11.Nd5 Bg7 12.e4 O-O 13.Qd2 Nc6 14.dxc5 dxc5 15.Rfd1 e6 16.Nc3 Qxd2
17.Rxd2 Rfd8 18.Na4 Rxd2 19.Nxd2 Nd4 20.Kf1 Bc6 21.e5 Bxe5 22.Bxc6 Nxc6 23.Nxb6 Rd8
24.Nb3 Bxb2 25.Rc2 Ba3 26.Rd2 Rxd2 27.Nxd2 Nb4 28.Nb3 Nxa2 29.Nd7 Bb4 30.Nbxc5 Bxc5
31.Nxc5 Nb4 32.Ke2 Kf8 33.Kd2 Ke7 34.Kc3 a5 35.Nb7 Nc6 36.Kb3 Kd7 37.Ka4 Kc7
38.Nxa5 Ne5 39.Kb5 Ng4 40.Nc6 g5 41.c5 Nxh2 42.Nb4 h5 43.Na6+ Kc8 44.c6 Ng4
45.Nc5 Nxf2 46.Kb6 h4 47.gxh4 gxh4 48.Na4 h3 49.Nc3 h2 50.Nb5 h1=Q 51.Na7+ Kd8
52.c7+ Ke7 53.c8=Q Ne4 54.Nc6+ Kf6 55.Qd8+ Kg7 56.Qd4+ Nf6 57.Ne7 Qe4 58.Qc3 Qf4
59.Nc6 Qe3+ 60.Qxe3 Nd5+ 61.Kc5 Nxe3 62.Kd4 Ng4 63.Ke4 Kf6 64.Kf4 Nh6 65.Ne5 Nf5
66.Ng4+ Ke7 67.Ke5 Nd6 68.Kf4 Nc4 69.Kg5 Nd2 70.Kf4 f6 71.Nh6 Nc4 72.Ke4 Nd6+
73.Kf4 e5+ 74.Ke3 Ke6 75.Ng4 f5 76.Nf2 Kd5 77.Nd3 Nc4+ 78.Ke2 Kd4 79.Ne1 e4
80.Ng2 Ke5  0-1

[Event "New Castle schev"]
[Site "New Castle on Tyne"]
[Date "1995.??.??"]
[Round "3"]
[White "Rayner, Francis"]
[Black "Olesen, Martin"]
[Result "0-1"]
[WhiteElo "2200"]
[BlackElo "2340"]

1.c4 Nf6 2.Nc3 c5 3.Nf3 e6 4.d4 d5 5.cxd5 Nxd5 6.e4 Nxc3 7.bxc3 cxd4 8.cxd4 Bb4+
9.Bd2 Bxd2+ 10.Qxd2 O-O 11.Bc4 Nc6 12.O-O b6 13.Rad1 Bb7 14.Rfe1 Na5 15.Bd3 h6
16.Bb1 Nc4 17.Qb4 Rc8 18.d5 exd5 19.exd5 Nd6 20.Rd4 Re8 21.Red1 Qf6 22.Rf4 Qe7
23.Qd4 Rc5 24.Qd3 g6 25.Rd4 Qe2 26.Qb3 Rb5 27.Qc3 Rb2 28.R4d2 Rxd2 29.Qxd2 Qxd2
30.Rxd2 Rc8 31.Rc2 Rxc2 32.Bxc2 Bxd5 33.a4 Bxf3 34.gxf3 Kg7 35.Kf1 g5 36.Ke2 Kf6
37.Ke3 Ke5 38.f4+ gxf4+ 39.Kd3 Ne4 40.f3 Nd6 41.Kc3 Kd5 42.Bb3+ Kc5 43.Bc2 a6
44.Bb3 Nf5 45.Kd3 Nd4 46.Bxf7 Nxf3  0-1

[Event "New Castle schev"]
[Site "New Castle on Tyne"]
[Date "1995.??.??"]
[Round "3"]
[White "Costello, Colin"]
[Black "Ansell, Simon"]
[Result "0-1"]
[WhiteElo "2115"]
[BlackElo "2320"]

1.c4 Nf6 2.Nc3 c5 3.Nf3 e6 4.g3 b6 5.Bg2 Bb7 6.O-O Be7 7.d4 cxd4 8.Qxd4 Nc6
9.Qf4 O-O 10.Rd1 d6 11.b3 Qb8 12.Bb2 a6 13.Rac1 Ra7 14.Ng5 Ne5 15.Nge4 Nxe4
16.Nxe4 Ba8 17.Qd2 Rd8 18.Qc3 Bf8 19.f4 Ng6 20.h4 h6 21.h5 Ne7 22.Nf6+ Kh8
23.Ng4 Bxg2 24.Nxh6 Ba8 25.Nxf7+ Kg8 26.Nxd8 Qxd8 27.g4 Nc6 28.h6 Qh4 29.hxg7 Bxg7
30.Qc2 Qg3+ 31.Kf1 Nb4  0-1

[Event "JUG-ch sf"]
[Site "Nis"]
[Date "1995.??.??"]
[Round "?"]
[White "Barlov, Dragan"]
[Black "Raicevic, Ivica"]
[Result "1/2-1/2"]
[WhiteElo "2485"]
[BlackElo "2385"]

1.c4 e6 2.Nc3 c5 3.Nf3 Nf6 4.g3 b6 5.Bg2 Bb7 6.O-O d6 7.d4 cxd4 8.Qxd4 a6
9.Rd1 Be7 10.b3 Nbd7 11.e4 Qc7 12.Ba3 Nc5 13.e5 dxe5 14.Qxe5 Qc6 15.Qe3 Qc7
16.Qe5 Rc8 17.Qxc7 Rxc7 18.Bb2 O-O 19.Ne5 Bxg2 20.Kxg2 Rfc8 21.Kf3 Kf8 22.Rd2 Ke8
23.Rad1 Rb7 24.Ke2 Nfe4 25.Nxe4 Nxe4 26.Rd4 Nf6 27.f3 b5 28.Rc1 a5 29.Rdd1 bxc4
30.Nxc4 Ra8 31.Bxf6 gxf6 32.Nb2 Ba3 33.Rc2 Bxb2 34.Rxb2 Rc7 35.Rd4 Rac8 36.Rbd2 h5
37.Ra4 Rc5 38.Rad4 R5c7 39.Ra4 Rc5 40.Rad4 R5c7 41.Kf2 Rc2 42.Ke2 R8c3 43.Rd3 Ke7
44.a3 f5 45.b4 axb4 46.axb4 h4 47.Rd7+ Kf6 48.gxh4 Rc4 49.Rxc2 Rxc2+ 50.Rd2 Rc4
51.Rb2 Rxh4 52.Kf1 Ke7 53.b5 Kd8 54.b6 Kc8 55.b7+ Kb8 56.Kg2 f4 57.Rb4 e5
58.Rb5 f6 59.Rb6 f5 60.Re6  1/2-1/2

[Event "JUG-ch sf"]
[Site "Nis"]
[Date "1995.??.??"]
[Round "?"]
[White "Maksimovic, Branimir"]
[Black "Marinkovic, Ivan"]
[Result "1/2-1/2"]
[WhiteElo "2380"]
[BlackElo "2450"]

1.Nf3 Nf6 2.c4 c5 3.Nc3 b6 4.g3 Bb7 5.Bg2 g6 6.O-O Bg7 7.d4 cxd4 8.Nxd4 Bxg2
9.Kxg2 O-O 10.e4 Qc7 11.b3 Nxe4 12.Nxe4 Qe5 13.Qf3 Qxd4 14.Rb1 Qe5 15.Bb2 Qc7
16.Bxg7 Kxg7 17.Nc3 Qc6 18.Rbd1 Qxf3+ 19.Kxf3 Nc6 20.Rfe1 Rfd8 21.Nd5 Kf8
22.g4 h6 23.h4 Rab8 24.a4 d6 25.Kg3 a6 26.f4 b5 27.cxb5 axb5 28.Rc1 Rdc8
29.Re3 bxa4 30.bxa4 e6 31.Rec3 exd5 32.Rxc6 Rb3+ 33.Kg2 Rxc6 34.Rxc6 Ke7
35.a5 Ra3 36.a6 Ke6 37.Kf2 d4 38.Ke2 f6 39.Rb6 Re3+ 40.Kd2 Ra3 41.Rb7 f5
42.h5 gxh5 43.gxh5 Kd5 44.a7 Ke4 45.Rh7 Ra2+ 46.Kd1 Ke3 47.Rxh6 Ra1+ 48.Kc2 d3+
49.Kc3 Ra3+ 50.Kb2 Rxa7 51.Rxd6 Kxf4 52.Rxd3 Rh7 53.Kc2 Rxh5 54.Kd2 Rh2+
55.Ke1 Kg4 56.Kf1 f4 57.Ra3 Rb2 58.Rc3  1/2-1/2

[Event "JUG-chT"]
[Site "Nis"]
[Date "1995.??.??"]
[Round "?"]
[White "Arsovic, Goran"]
[Black "Popovic, Djordje"]
[Result "1/2-1/2"]
[WhiteElo "2385"]
[BlackElo "2270"]

1.Nf3 c5 2.c4 Nf6 3.Nc3 b6 4.g3 Bb7 5.Bg2 e6 6.O-O Be7 7.d4 cxd4 8.Qxd4 d6
9.b3 O-O 10.Rd1 Nc6 11.Qf4 Qb8 12.e4 Rd8 13.Ba3 a6 14.Bb2 Nd7 15.Qe3 Qc7
16.Rac1 Nce5 17.Nd4 Nf8 18.h3 Re8 19.Kh1 Rac8 20.Re1 Qb8 21.Qd2 Ned7 22.Rcd1  1/2-1/2

[Event "Novgorod op"]
[Site "Novgorod"]
[Date "1995.??.??"]
[Round "3"]
[White "Makarov, Marat"]
[Black "Nenashev, Alexander"]
[Result "1-0"]
[WhiteElo "2520"]
[BlackElo "2605"]

1.Nf3 Nf6 2.c4 c5 3.Nc3 e6 4.g3 d5 5.cxd5 exd5 6.d4 Nc6 7.Bg2 Be7 8.O-O O-O
9.dxc5 Bxc5 10.b3 Bg4 11.Bb2 Re8 12.Rc1 d4 13.Na4 Bf8 14.Nxd4 Nxd4 15.Qxd4 Bxe2
16.Rfe1 Qa5 17.Qf4 Nd5 18.Qg4 Rad8 19.Nc3 h6 20.Qf5 g6 21.Nxd5 gxf5 22.Nf6+ Kg7
23.Nxe8+ Kg6 24.Rxe2 Qxa2 25.Bxb7 Qxb3 26.Rc6+ Kh7 27.Nf6+ Kh8 28.Nh5+ Kg8
29.Nf6+ Kh8 30.Ba6 Ba3 31.Bxa3 Qxa3 32.Rec2 f4 33.Bf1 Rd1 34.Rc8+ Kg7 35.Nh5+ Kh7
36.Nxf4 Qa1 37.R2c7 Rxf1+ 38.Kg2 Rg1+ 39.Kh3 Qf6 40.Rf8 Qf5+ 41.Kh4 Kg7 42.Rcc8 Qg5+
43.Kh3 Qf5+ 44.Kh4 Qf6+ 45.Kg4 Kh7 46.Kf3 Re1 47.Rc5 Kg7 48.Ra8 Re5 49.Rcc8 a5
50.Rh8 Qc6+ 51.Kg4 Qd7+ 52.Kf3 h5 53.Rag8+ Kf6 54.Rh6+ Ke7 55.Ng6+ fxg6 56.Rh7+ Ke6
57.Rxg6+ Kf5 58.Rxd7 Kxg6 59.Rd6+ Kf5 60.h4 Rc5 61.Rh6 Rc3+ 62.Kg2 a4 63.Rxh5+ Ke4
64.Ra5 a3 65.h5 Kd4 66.h6  1-0

[Event "Novgorod op"]
[Site "Novgorod"]
[Date "1995.??.??"]
[Round "9"]
[White "Serper, Grigory"]
[Black "Yemelin, Vasily"]
[Result "1/2-1/2"]
[WhiteElo "2585"]
[BlackElo "2515"]

1.c4 c5 2.Nf3 Nf6 3.Nc3 e6 4.g3 b6 5.Bg2 Bb7 6.O-O d5 7.cxd5 Nxd5 8.Nxd5 Bxd5
9.d4 Nd7 10.Qa4 Qc8 11.dxc5 Bc6 12.Qf4 bxc5 13.Ne5 Nxe5 14.Qxe5 Bxg2 15.Kxg2 Qc6+
16.Kg1 f6 17.Qc3 h5 18.h4 Be7 19.Be3 Kf7 20.Rac1 Rhc8 21.Rc2 a5 22.Rfc1 a4
23.Bxc5 Bxc5 24.Qxc5 Qxc5 25.Rxc5 Rxc5 26.Rxc5 Rb8 27.Rc2 g5 28.hxg5 fxg5
29.Kg2 Rb4 30.e3 Kf6 31.Kf3 Kf5 32.a3 Rb3 33.g4+ hxg4+ 34.Kg3 e5 35.Rc4 Rxb2
36.Rxa4 Rb1 37.e4+ Kg6 38.Kxg4 Rg1+ 39.Kh3 Kh5 40.Ra5 Ra1 41.f3 Rb1 42.Kg3 Rb3
43.a4 Ra3 44.Rxe5 Rxa4 45.Rd5 Ra3 46.Rd2 Ra4 47.Rh2+ Kg6 48.Rb2 Ra6 49.Kg4 Rf6
50.Rb5 Rf4+ 51.Kg3 Rf8 52.Rb7 Rf4 53.Rb8 Kf7 54.Rb6 Kg7 55.Rb5 Kg6 56.Rb6+ Kg7
57.Ra6 Kf7 58.Rh6 Kg7 59.Re6 Kf7 60.Rc6 Kg7 61.Ra6 Rf8 62.Rd6 Rf4 63.Rd1 Rf8
64.Rg1 Kf6 65.Kf2 Ra8 66.Rd1 Ra6 67.Ke3 Ra3+ 68.Rd3 Ra6 69.Rc3 Rb6 70.Ra3 Rd6
71.Ra5 Rb6 72.Rf5+ Kg6 73.Rd5 Ra6 74.Rd3 Kf6 75.Kd4 Ra4+ 76.Kd5 Ra5+ 77.Kc6 Ra6+
78.Kb5 Ra1 79.Rd6+ Kf7 80.Rd5 Ra3 81.Rf5+ Kg6 82.Kc4 Re3 83.Kd5 Ra3 84.Rf8 Kg7
85.Rf5 Kg6 86.Kd6 Ra6+ 87.Kd7 Ra7+ 88.Kc6 Ra6+ 89.Kb5 Ra3 90.Kc4 Re3 91.Kd5 Ra3
92.f4  1/2-1/2

[Event "JUG-ch"]
[Site "Novi Sad"]
[Date "1995.??.??"]
[Round "?"]
[White "Tosic, Miroslav"]
[Black "Petronic, Jovan"]
[Result "0-1"]
[WhiteElo "2435"]
[BlackElo "2460"]

1.Nf3 Nf6 2.c4 e6 3.Nc3 c5 4.g3 b6 5.Bg2 Bb7 6.O-O Be7 7.b3 d5 8.e3 O-O 9.Bb2 Nbd7
10.Qe2 a6 11.Rfd1 Qc7 12.Rac1 dxc4 13.bxc4 Rac8 14.e4 Ng4 15.Ne1 Nge5 16.f4 Nc6
17.Nd5 exd5 18.cxd5 Nb4 19.a3 Nxd5 20.exd5 Rfe8 21.Nd3 Bf6 22.Qf2 Qd6 23.Ne5 Nxe5
24.fxe5 Bxe5 25.Bxe5 Rxe5 26.d4 cxd4 27.Rxc8+ Bxc8 28.Qxd4 Bd7 29.Qb4 Qxb4
30.axb4 Kf8 31.d6 Ke8 32.Kf2 Bb5 33.Rd2 Kd8 34.Bd5 Rf5+ 35.Ke3 Rf6 36.Bf3 Re6+
37.Kf4 Re1 38.h4 Rc1 39.Rd4 h6 40.Bd5 Kd7 41.Bf3 Rc4 42.Bg4+ Kd8 43.Rxc4 Bxc4
44.Ke5 Bb3 45.Be2 a5 46.bxa5 bxa5 47.Bb5 a4 48.Kd4 a3 49.Kc3 Be6 50.Bc6 g6
51.Bb5 Bd5 52.Ba4 Kc8 53.Bb5 Kb7 54.Be8 Kb6 55.Ba4 g5 56.hxg5 hxg5 57.Be8 f5
58.Bd7 Kc5 59.Bxf5 Kxd6 60.Bc2 Ke5 61.Bd3 Be6 62.Bc2 a2 63.Kb2 Kd4 64.Bd1 Ke3
65.Bh5 Kf2 66.g4 Kg3 67.Ka1 Kh4 68.Be8 Kxg4 69.Ba4 Kf4 70.Bd1 Bd5 71.Be2 Bf3
72.Bf1 g4 73.Kxa2 Ke3 74.Kb2 Kf2  0-1

[Event "JUG-ch"]
[Site "Novi Sad"]
[Date "1995.??.??"]
[Round "?"]
[White "Barlov, Dragan"]
[Black "Petronic, Jovan"]
[Result "1/2-1/2"]
[WhiteElo "2485"]
[BlackElo "2450"]

1.Nf3 Nf6 2.c4 g6 3.Nc3 c5 4.d4 cxd4 5.Nxd4 Bg7 6.e4 d6 7.Be2 Nc6 8.Be3 O-O
9.O-O Bd7 10.Qd2 Nxd4 11.Bxd4 Bc6 12.f3 a5 13.Rac1 Nd7 14.Be3 Nc5 15.Rc2 a4
16.Rb1 Qa5 17.Bf1 Rfc8 18.Kh1 Qb4 19.Qc1 Ne6 20.Qd2 Nc5 21.Rbc1 Qa5 22.Qf2 Qd8
23.Rb1 Qa5 24.Bd2 Qa7  1/2-1/2

[Event "CZE-ch"]
[Site "Olomouc"]
[Date "1995.??.??"]
[Round "?"]
[White "Konopka, Michal"]
[Black "Bazant, Petr Sr"]
[Result "1-0"]
[WhiteElo "2395"]
[BlackElo "2285"]

1.Nf3 Nf6 2.c4 c5 3.Nc3 g6 4.g3 b6 5.Bg2 Bb7 6.O-O Bg7 7.Re1 O-O 8.e4 d6
9.d4 cxd4 10.Nxd4 Qc8 11.b3 Nc6 12.Bb2 Qd7 13.Nc2 Rfd8 14.Qd2 Ne5 15.f4 Nc6
16.Rad1 Ne8 17.Ne3 Nb4 18.Ned5 Na6 19.Qf2 Nc5 20.b4 Na6 21.a3 Rac8 22.e5 e6
23.Ne3 Qe7 24.Ne4 Bxe4 25.Bxe4 Nb8 26.Bg2 dxe5 27.fxe5 Nd7 28.Qf4 a5 29.Bc3 axb4
30.axb4 f5 31.exf6 Ndxf6 32.Qf1 Nd6 33.Nd5 Nxd5 34.Bxd5 Bxc3 35.Rxe6 Qg7
36.Re8+  1-0

[Event "CRO-chT2"]
[Site "Opatija"]
[Date "1995.??.??"]
[Round "?"]
[White "Biliskov, Vjekoslav"]
[Black "Stanic, Zoran"]
[Result "1-0"]
[WhiteElo "2320"]
[BlackElo "2275"]

1.Nf3 Nf6 2.c4 c5 3.Nc3 g6 4.g3 Bg7 5.Bg2 O-O 6.O-O Nc6 7.d4 cxd4 8.Nxd4 a6
9.Nc2 d6 10.b3 Qa5 11.Nd5 Nxd5 12.cxd5 Na7 13.Bd2 Qc5 14.Rc1 Nb5 15.Ne3 Qa3
16.Rc2 Nd4 17.Nc4 Qc5 18.b4 Qb5 19.Rc1 Bd7 20.e3 Nf5 21.Qb3 Rac8 22.Rc2 h5
23.Rfc1 Rfd8 24.Qb1 Rb8 25.a4  1-0

[Event "CRO-chT2"]
[Site "Opatija"]
[Date "1995.??.??"]
[Round "?"]
[White "Stohl, Igor"]
[Black "Kober, Mladen"]
[Result "1-0"]
[WhiteElo "2530"]
[BlackElo "2330"]

1.Nf3 c5 2.c4 Nf6 3.Nc3 e6 4.g3 b6 5.Bg2 Bb7 6.O-O Be7 7.d4 cxd4 8.Qxd4 d6
9.b3 a6 10.Ba3 O-O 11.Rfd1 Ne8 12.Ne4 Bxe4 13.Qxe4 Ra7 14.Qe3 Nf6 15.Nd4 Qc7
16.Bb4 g6 17.a4 e5 18.Nc2 Nc6 19.Ba3 Raa8 20.Rd2 Rad8 21.Rad1 Rd7 22.Bh3 Rdd8
23.Bg2 Rd7 24.Qf3 Na5 25.Nb4 Qc5 26.Ra2 e4 27.Qc3 Qf5 28.Nd5 Nxd5 29.Rxd5 Qe6
30.Qe3 Rb8 31.Rad2 Bf8 32.Bb2 f5 33.f3 Nc6 34.fxe4 Rf7 35.Qf4 fxe4 36.Qxe4 Qd7
37.Bc3 Re8 38.Qh4 Be7 39.Qh3 Qxh3 40.Bxh3 Bf8 41.Bg2 Ne5 42.Rxd6 Bxd6 43.Rxd6 Kf8
44.Rxb6 Nd7 45.Rxa6 Rb8 46.b4 Nc5 47.Ra5 Nb3 48.Ra8 Rxa8 49.Bxa8 Ke7 50.Bg2 Rf5
51.a5 Nc1 52.Bf3 Kd8 53.a6 Rf7 54.b5 Kc8 55.Bf6  1-0

[Event "Pardubice op"]
[Site "Pardubice"]
[Date "1995.??.??"]
[Round "?"]
[White "Shurygin, Sergey"]
[Black "Totsky, Leonid"]
[Result "1-0"]
[WhiteElo "2365"]
[BlackElo "2450"]

1.c4 c5 2.Nf3 Nf6 3.Nc3 e6 4.g3 b6 5.Bg2 Bb7 6.O-O Be7 7.b3 O-O 8.Bb2 d6
9.d4 cxd4 10.Nxd4 Bxg2 11.Kxg2 a6 12.e3 Ra7 13.Qf3 Qd7 14.Rad1 Rc8 15.Rd2 Rac7
16.Ne4 Ne8 17.h4 b5 18.cxb5 axb5 19.Qh5 e5 20.Nf5 Bf8 21.Rfd1 Rc2 22.Bxe5 Rxd2
23.Rxd2 g6 24.Nfxd6 gxh5 25.Nxe8 Qc6 26.Nf6+ Kh8 27.Nxh5+ f6 28.Nxf6 Bg7
29.Rd6 Qb7 30.Kh2 Rf8 31.h5 Qe7 32.f4 Rf7 33.h6 Bxf6 34.Nxf6 Qxd6 35.Bxd6 Rxf6
36.Bxb8 Rxh6+ 37.Kg2 Ra6 38.a4 bxa4 39.bxa4 Rxa4  1-0

[Event "Paris op"]
[Site "Paris"]
[Date "1995.??.??"]
[Round "?"]
[White "Djuric, Stefan"]
[Black "Pira, Davoud"]
[Result "1-0"]
[WhiteElo "2460"]
[BlackElo "2325"]

1.Nf3 c5 2.c4 Nf6 3.Nc3 e6 4.e3 d6 5.Be2 Be7 6.O-O O-O 7.b3 b6 8.Bb2 Bb7
9.Qc2 Nc6 10.Rad1 d5 11.d4 cxd4 12.exd4 Rc8 13.Ne5 dxc4 14.Nxc6 Rxc6 15.bxc4 Rd6
16.Qb3 Qa8 17.f3 Rfd8 18.Nb5 R6d7 19.Rfe1 Ne8 20.Bf1 Bf6 21.Qe3 Nd6 22.Nxd6 Rxd6
23.Rd3 Ba6 24.Rc1 h6 25.Qf2 Qc8 26.Rcd1 Qd7 27.Qg3 Bxd4+ 28.Rxd4 Rxd4 29.Qe5 Bxc4
30.Rxd4 Qxd4+ 31.Bxd4 Rxd4  1-0

[Event "Paris op"]
[Site "Paris"]
[Date "1995.??.??"]
[Round "?"]
[White "Sellos, Didier"]
[Black "Feher, Gyula"]
[Result "1/2-1/2"]
[WhiteElo "2410"]
[BlackElo "2420"]

1.Nf3 Nf6 2.c4 c5 3.Nc3 g6 4.g3 Bg7 5.Bg2 O-O 6.O-O d6 7.Rb1 Nc6 8.a3 b6
9.b4 Bb7 10.d3 e6 11.bxc5 dxc5 12.Bg5 h6 13.Bd2 Qe7 14.Qc1 Kh7 15.Rd1 Rad8
16.Be1 Ne8 17.Nb5 Nd6 18.a4 Nc8 19.a5 Rd7 20.axb6 axb6 21.Bc3 e5 22.Ne1 f5
23.Rd2 Nd4 24.Bxb7 Rxb7 25.Ra2 Nxb5 26.Rxb5 Nd6 27.Rb3 b5 28.cxb5 Nxb5 29.Ba1 Nd4
30.Rxb7 Qxb7 31.Bxd4 cxd4 32.Rc2 Rf7 33.Rc6 Qb3 34.Nf3 Qa2 35.Rc2 Qe6 36.Rc6 Qa2
37.Qc4 Qxc4 38.Rxc4 Bf6 39.Rc5 Re7 40.Nd2 g5 41.f3 h5 42.h3 Re6 43.g4 Kg6
44.Kf2 Ra6 45.Nc4 Re6 46.Nd2 Ra6 47.Rb5 Ra2 48.Ke1 Ra1+ 49.Rb1 Ra6 50.Rb2 hxg4
51.hxg4 Bd8 52.Nc4 Bc7 53.Rb5 Kf6 54.Rc5 Bd6 55.Rd5 Bc7 56.Kf2 Rc6 57.gxf5 Kxf5
58.Nd2 g4 59.Ne4 gxf3 60.Kxf3  1/2-1/2

[Event "Passau op"]
[Site "Passau"]
[Date "1995.??.??"]
[Round "?"]
[White "Wells, Peter K"]
[Black "Klimm, Wolf Dietrich"]
[Result "1-0"]
[WhiteElo "2530"]
[BlackElo "2240"]

1.Nf3 Nf6 2.c4 c5 3.Nc3 b6 4.g3 Bb7 5.Bg2 e6 6.O-O d6 7.Re1 a6 8.e4 Be7 9.d4 cxd4
10.Nxd4 Qc7 11.Be3 O-O 12.Rc1 Nbd7 13.f4 Rfe8 14.g4 Nf8 15.g5 N6d7 16.b3 Rac8
17.h4 Qb8 18.f5 Bd8 19.fxe6 fxe6 20.Rf1 b5 21.cxb5 Ba5 22.Nc6 Bxc6 23.bxc6 Rxc6
24.Nd5 Rxc1 25.Bxc1 Bd8 26.Nf4 Ne5 27.Kh1 Bb6 28.Bb2 Bc5 29.Nd3 Nxd3 30.Qxd3 Qa7
31.Qc4 a5 32.a3 Rb8 33.Bh3 Qe7 34.Bc3 Bxa3 35.Bxa5 Bb2 36.Qc7 Qxc7 37.Bxc7 Re8
38.Bxd6 Ng6 39.h5 Ne5 40.Bxe6+ Kh8 41.Bd5  1-0

[Event "World op"]
[Site "Philadelphia"]
[Date "1995.??.??"]
[Round "5"]
[White "Friedman, Aviv"]
[Black "Gurevich, Dmitry"]
[Result "1/2-1/2"]
[WhiteElo "2325"]
[BlackElo "2530"]

1.Nf3 Nf6 2.c4 c5 3.Nc3 b6 4.e4 d6 5.d4 cxd4 6.Nxd4 Bb7 7.Nd5 Nbd7 8.Nb5 Bxd5
9.exd5 g6 10.g3 Bg7 11.Bg2 O-O 12.O-O a6 13.Nd4 Qc7 14.b3 b5 15.cxb5 Nb6
16.Bb2 Nbxd5 17.Nf5 gxf5 18.Bxd5 Nxd5 19.Bxg7 Kxg7 20.Qxd5 axb5 21.Qxf5 Qc5
22.Qg4+ Kh8 23.Rac1 Qe5 24.Rfe1 Qf6 25.Rc2 Rfd8 26.Qe2 Qf5 27.Rc7 e6 28.Rb7 Rab8
29.Rxb8 Rxb8 30.Qd2 Rd8 31.Qc3+ Kg8 32.Qc7 Ra8 33.Qxd6 Rxa2 34.Qd8+ Kg7 35.Qd4+ Qf6
36.Re5 h6 37.Qg4+ Kf8 38.Qb4+ Kg7 39.Qg4+ Kf8  1/2-1/2

[Event "Rubinstein mem"]
[Site "Polanica Zdroj"]
[Date "1995.??.??"]
[Round "8"]
[White "Huebner, Robert"]
[Black "Ftacnik, Lubomir"]
[Result "1-0"]
[WhiteElo "2630"]
[BlackElo "2580"]

1.c4 Nf6 2.Nc3 c5 3.Nf3 e6 4.e3 Nc6 5.d4 d5 6.a3 a6 7.dxc5 Bxc5 8.b4 Ba7
9.Bb2 O-O 10.Qc2 Qe7 11.Rd1 Rd8 12.Be2 dxc4 13.Rxd8+ Nxd8 14.Ne4 Nxe4 15.Qxe4 Bd7
16.Bxc4 Rc8 17.Ne5 Be8 18.O-O Bb8 19.Bb3 f6 20.Nf3 Bf7 21.Nd4 Qc7 22.g3 e5
23.Rc1 Qd7 24.Rxc8 Qxc8 25.Nf5 Kf8 26.Bd1 Qc6 27.Qxc6 Nxc6 28.g4 Bd5 29.Bc2 g6
30.Ng3 Ke7 31.Ne4 Nd8 32.g5 fxg5 33.Nxg5 h6 34.Ne4 Kf7 35.Nc5 Bd6 36.Ne4 Bc7
37.Nc3 Be6 38.Kg2 g5 39.Be4 Bd6 40.Ne2 Bc4 41.Ng3 Ke6 42.Kf3 Bd5 43.Kg4 Bxe4
44.Nxe4 Nf7 45.Kh5 b6 46.Kg6 Bf8 47.Bc3 Nh8+ 48.Kh7 Nf7 49.Kg8 Be7 50.f3 h5
51.Kg7 g4 52.fxg4 hxg4 53.Kg6 a5 54.Kh5 Kd5 55.Nd2 axb4 56.Bxb4 Bxb4 57.axb4 Kc6
58.Kxg4 Kb5 59.Kf5 Kxb4 60.Kg6 Nd8 61.Kf6 Kc3 62.Nb1+ Kc4 63.h4 Kd5 64.h5 Ne6
65.Nc3+ Kd6 66.Ne4+ Kd7 67.h6 Nf8 68.Kf7  1-0

[Event "Portoroz op"]
[Site "Portoroz"]
[Date "1995.??.??"]
[Round "?"]
[White "Tukmakov, Vladimir B"]
[Black "Osterman, Rudolf"]
[Result "1-0"]
[WhiteElo "2585"]
[BlackElo "2390"]

1.Nf3 c5 2.c4 Nf6 3.Nc3 d5 4.cxd5 Nxd5 5.d4 cxd4 6.Qxd4 Nxc3 7.Qxc3 Nc6 8.e4 e6
9.Bb5 Bd7 10.O-O a6 11.Be2 Rc8 12.Rd1 f6 13.Be3 Qc7 14.Rac1 Be7 15.Qb3 Rb8
16.Bb6 Qc8 17.Bc4 Kf7 18.Qd3 Be8 19.e5 Nb4 20.Qb3 Bc6 21.exf6 gxf6 22.Nd4 Bd7
23.Re1  1-0

[Event "Portoroz op"]
[Site "Portoroz"]
[Date "1995.??.??"]
[Round "?"]
[White "Podkriznik, Gregor"]
[Black "Vitri, Sergio"]
[Result "1-0"]
[WhiteElo "2240"]
[BlackElo "2055"]

1.Nf3 Nf6 2.c4 c5 3.Nc3 b6 4.g3 Bb7 5.Bg2 g6 6.O-O Bg7 7.d3 O-O 8.e4 d6 9.a3 Nc6
10.Rb1 e6 11.b4 cxb4 12.axb4 d5 13.cxd5 exd5 14.e5 Ne8 15.d4 Nc7 16.Be3 f6
17.exf6 Qxf6 18.Qb3 Kh8 19.Bf4 Ne6 20.Be5 Qf7 21.Rbd1 Rad8 22.Nb5 Qe7 23.Rfe1 Rfe8
24.Bh3 Nxe5 25.dxe5 Rf8 26.Nbd4 Nxd4 27.Nxd4 Qf7 28.f4 Rfe8 29.Rc1 g5 30.Rf1 gxf4
31.gxf4 Rg8 32.Kh1 Qg6 33.Bf5 Qe8 34.Qh3 h6 35.Rc7  1-0

[Event "DEN-ch"]
[Site "Ringsted"]
[Date "1995.??.??"]
[Round "2"]
[White "Nielsen, Peter Heine"]
[Black "Berg, Klaus"]
[Result "1/2-1/2"]
[WhiteElo "2500"]
[BlackElo "2420"]

1.c4 Nf6 2.Nc3 c5 3.Nf3 d5 4.cxd5 Nxd5 5.e4 Nc7 6.d4 cxd4 7.Qxd4 Nc6 8.Qxd8+ Nxd8
9.Be3 Nc6 10.Nb5 Nxb5 11.Bxb5 Bd7 12.O-O a6 13.Be2 g6 14.Nd2 Bg7 15.Nb3 Bxb2
16.Rab1  1/2-1/2

[Event "San Francisco"]
[Site "San Francisco"]
[Date "1995.??.??"]
[Round "9"]
[White "Tisdall, Jonathan D"]
[Black "Christiansen, Larry Mark"]
[Result "1-0"]
[WhiteElo "2470"]
[BlackElo "2570"]

1.Nf3 c5 2.c4 Nf6 3.Nc3 b6 4.g3 Bb7 5.Bg2 g6 6.O-O Bg7 7.d4 cxd4 8.Qxd4 Na6
9.Nd5 Nc5 10.Rd1 Rc8 11.Qh4 Nce4 12.Bh6 Bxh6 13.Nxf6+ Nxf6 14.Qxh6 Bxf3 15.Bxf3 Rxc4
16.Rac1 Rxc1 17.Rxc1 d5 18.h4 e6 19.Qf4 O-O 20.Rc7 Re8 21.Rxa7 e5 22.Qa4 e4
23.Bg2 Qb8 24.Ra6 Rc8 25.Bh3 e3 26.f4 Rc1+ 27.Kg2 Kg7 28.Qd4 Rc6 29.b4 Qe8
30.Qe5 Qd8 31.Ra7 Kf8 32.Rb7 Rd6 33.g4 d4 34.g5 Ng8 35.f5 d3 36.fxg6 hxg6
37.exd3 e2 38.Kf2 Rd5 39.Rxf7+ Kxf7 40.Be6+ Kf8 41.Bxd5  1-0

[Event "San Francisco"]
[Site "San Francisco"]
[Date "1995.??.??"]
[Round "10"]
[White "Christiansen, Larry Mark"]
[Black "Browne, Walter S"]
[Result "1/2-1/2"]
[WhiteElo "2570"]
[BlackElo "2560"]

1.c4 c5 2.Nf3 Nf6 3.Nc3 e6 4.g3 b6 5.Bg2 Bb7 6.O-O Be7 7.d4 cxd4 8.Qxd4 d6
9.Bg5 a6 10.Bxf6 Bxf6 11.Qf4 Bxf3 12.Bxf3 Ra7 13.Rad1 Be7 14.b3 O-O 15.Ne4 Rd7
16.a4 Qc7 17.h4 Nc6 18.Bg2 Nb4 19.Rc1 d5 20.Qxc7 Rxc7 21.cxd5 Rxc1  1/2-1/2